Utah High School Basketball: Top 12 Scorers - Statistics

General Stats
  • This quiz has been taken 3 times
  • The average score is 5 of 12
Answer Stats
# Player Points High School & Last Year Current Team % Correct
11 Rylan Jones 1,933 Olympus - 2019 Utah State Aggies
100%
12 Mason Falslev 1,930 Sky View - 2020 Utah State Aggies
67%
1 Gary Hill 2,283 Gunnison - 1963 Died in 2013
33%
10 Jimmy Soto 1,945 South & Judge - 1989 Retired in 1993
33%
3 Kurt Miller 2,153 Ben Lomond - 1987 Retired in 1991
33%
4 Mike Maxwell 2,098 Highland - 1979 Retired in 1982
33%
9 Nick Emery 1,954 Lone Peak - 2013 Retired in 2019
33%
5 Race Parsons 2,093 South Sevier - 2013 Retired in 2017
33%
2 Randy Reid 2,191 Spanish Fork - 1989 Retired in 1996
33%
6 Robbie Reid 2,032 Spanish Fork - 1993 Retired in 1999
33%
8 Ryan Cuff 1,970 Richfield - 1990 Retired in 1997
33%
7 Tyce Barney 1,985 Panguitch - 2014 Retired
33%
No matching quizzes found
Score Distribution
Percent of People with Each Score
Percentile by Number Answered
Your Score History
You have not taken this quiz